| 000 | 00592nam a2200229Ia 4500 | ||
|---|---|---|---|
| 003 | OSt | ||
| 005 | 20220928112716.0 | ||
| 006 | a|||||r|||| 00| 0 | ||
| 007 | ta | ||
| 008 | 220927b |||||||| |||| 00| 0 eng d | ||
| 024 | _a90188 | ||
| 037 | _cTextual | ||
| 040 |
_aSDCL _cSDCL _beng |
||
| 041 |
_2eng _aeng |
||
| 082 | _aX9:6.2'N8, M2 | ||
| 100 |
_aKhan M Y _9416858 |
||
| 245 | 0 | _aIndustrial finance | |
| 260 |
_aNew Delhi _bTata MacGraw- Hill Publishing _c1982 |
||
| 300 |
_av,287p _ccm. |
||
| 942 |
_hX9:6.2'N8, M2 _cTEXL _2CC |
||
| 999 |
_c745899 _d745899 |
||